Bindings of Womanhood / (Record no. 159781)

MARC details
000 -LEADER
fixed length control field 00456nam a22001697a 4500
005 - DATE AND TIME OF LATEST TRANSACTION
control field 20190105140936.0
010 ## - LCCN (DPL NO)
LC control number B-162320
020 ## - INTERNATIONAL STANDARD BOOK NUMBER
International Standard Book Number 8186425306
Terms of availability 250.00
035 ## - SYSTEM CONTROL NUMBER
System control number B-162320
037 ## - SOURCE OF ACQUISITION
Source of stock number/acquisition Confluence International
082 ## - DEWEY DECIMAL CLASSIFICATION NUMBER
Classification number N
100 ## - MAIN ENTRY--PERSONAL NAME
Personal name Arora, Asha
245 ## - TITLE STATEMENT
Title Bindings of Womanhood /
Statement of responsibility, etc Asha Arora
260 ## - PUBLICATION, DISTRIBUTION, ETC. (IMPRINT)
Place of publication, distribution, etc New Delhi
Name of publisher, distributor, etc Confluence International
Date of publication, distribution, etc 2007
300 ## - PHYSICAL DESCRIPTION
Extent 232p. (it include index.)
Dimensions 22cm(hbk)
942 ## - ADDED ENTRY ELEMENTS (KOHA)
Source of classification or shelving scheme Dewey Decimal Classification
Item type English Books
Classification part N
Call number suffix ARO
Holdings
Withdrawn status Lost status Not for loan Collection code Home library Current library Date acquired Full call number Barcode Cost, replacement price Koha item type
      Fiction Sarojini Nagar Sarojini Nagar 05/01/2019 N ARO B-162320 250.00 English Books

© Delhi Public Library
Hit Counter
free hit counter